000 00500nam a2200157Ia 4500
008 230907s9999||||xx |||||||||||||| ||und||
082 _a620
_bIFR
100 _aIfra Fiaz Gul (00000319847)
_9116777
245 0 _aFe/Co Doped ZIF Derived Nitrogen Doped Nanoporous Carbon as Electrode Material for Supercapacitors /
260 _aUSPCAS-E, NUST,
_bIslamabad :
_c2022
300 _axv, 69 p.
520 _aTH-443
650 _aMS-ESE Thesis MS Thesis
700 _aDr. Ghulam Ali
942 _cTHE
_2ddc
999 _c602121
_d602121